000 00251nam a2200097Ia 4500
008 171211s9999 xx 000 0 und d
245 _aWikijunior Big Cats
260 _c2007
650 _xANIMALS
856 _uhttp://down.ebook777.com/055/0978232100.pdf
999 _c348444
_d348444